The Ahmedabad Chronicle Imprints of a Millennium (Record no. 3206)

000 -LEADER
fixed length control field 00321nam a2200109Ia 4500
008 - FIXED-LENGTH DATA ELEMENTS--GENERAL INFORMATION
fixed length control field 200302s9999 xx 000 0 und d
100 ## - MAIN ENTRY--PERSONAL NAME
Personal name Yatin Pandya
245 ## - TITLE STATEMENT
Title The Ahmedabad Chronicle Imprints of a Millennium
260 ## - PUBLICATION, DISTRIBUTION, ETC.
Name of publisher, distributor, etc. Vastu-Shilpa Foundation for Studies & Research
260 ## - PUBLICATION, DISTRIBUTION, ETC.
Date of publication, distribution, etc. 2011
300 ## - PHYSICAL DESCRIPTION
Extent 184 P.,
Holdings
Withdrawn status Lost status Source of classification or shelving scheme Damaged status Not for loan Permanent Location Current Location Date acquired Cost, normal purchase price Full call number Barcode Date last seen Price effective from Koha item type
          BMS College of Architecture, Design and Planning BMS College of Architecture, Design and Planning 2020-03-03 800.00 954.75 CL-UG62451 2020-03-03 2020-03-03 UG Books from CL
          BMS College of Architecture, Design and Planning BMS College of Architecture, Design and Planning 2020-03-03 800.00 954.75 AR-UG1345 2020-08-06 2020-03-03 UG Books
Copyright © 2025, The Librarian, Library and Information Centre, BMSCA D&P, Bengaluru. All Rights Reserved
web counter

Powered by Koha